Manual & textbook for village book-keeping system / (Record no. 19072)
[ view plain ]
| 000 -LEADER | |
|---|---|
| fixed length control field | 00429cam a2200157 i 4500 |
| 040 ## - CATALOGING SOURCE | |
| Transcribing agency | DLC |
| 082 00 - DEWEY DECIMAL CLASSIFICATION NUMBER | |
| Classification number | 657 THE 1976 C160 Or. |
| 110 1# - MAIN ENTRY--CORPORATE NAME | |
| Corporate name or jurisdiction name as entry element | Tanzania. |
| 245 10 - TITLE STATEMENT | |
| Title | Manual & textbook for village book-keeping system / |
| 260 ## - PUBLICATION, DISTRIBUTION, ETC. (IMPRINT) | |
| Place of publication | [Dar es Salaam : |
| Name of publisher | The Department, |
| Year of publication | 1976] |
| 300 ## - PHYSICAL DESCRIPTION | |
| Number of Pages | 166 leaves : |
| Other physical details | ill. ; |
| Dimensions | 33 cm. |
| 500 ## - GENERAL NOTE | |
| General note | Cover title. |
| 650 #0 - SUBJECT ADDED ENTRY--TOPICAL TERM | |
| Topical Term | Accounting. |
| 650 #0 - SUBJECT ADDED ENTRY--TOPICAL TERM | |
| Topical Term | Agriculture, Cooperative |
| 942 ## - ADDED ENTRY ELEMENTS (KOHA) | |
| Koha item type | ADB |
| 952 ## - LOCATION AND ITEM INFORMATION (KOHA) | |
| Withdrawn status [LOCAL, KOHA] | 0 |
| Koha item type | Source of acquisition | Lost status | Permanent Location | Current Location | Date acquired | Full call number |
|---|---|---|---|---|---|---|
| សៀវភៅភាសាអង់គ្លេស | A39308 | Library Block C | Library Block C | 2020-03-06 | 657 THE 1976 C160 Or. |